<?xml version="1.0" encoding="UTF-8"?>
<record
    xmlns:xsi="http://www.w3.org/2001/XMLSchema-instance"
    xsi:schemaLocation="http://www.loc.gov/MARC21/slim http://www.loc.gov/standards/marcxml/schema/MARC21slim.xsd"
    xmlns="http://www.loc.gov/MARC21/slim">

  <leader>00892nam a2200217 i 4500</leader>
  <controlfield tag="001">45086</controlfield>
  <controlfield tag="003">ES-MaACL</controlfield>
  <controlfield tag="005">20251002204010.0</controlfield>
  <controlfield tag="007">t|</controlfield>
  <controlfield tag="008">030325s1972    sp           ||||1| spa d</controlfield>
  <datafield tag="100" ind1="1" ind2=" ">
    <subfield code="a">Claver&#xED;a, Carlos, </subfield>
    <subfield code="d">1909-1974</subfield>
    <subfield code="9">149212</subfield>
  </datafield>
  <datafield tag="245" ind1="1" ind2="0">
    <subfield code="a">Espa&#xF1;a en Europa </subfield>
    <subfield code="b">: aspectos de la difusi&#xF3;n de la lengua y las letras espa&#xF1;olas desde el siglo XVI : discurso le&#xED;do el d&#xED;a 13 de febrero de 1972 en su recepci&#xF3;n / </subfield>
    <subfield code="c">por Carlos Claveria Lizana y contestaci&#xF3;n de Emilio Garc&#xED;a G&#xF3;mez.</subfield>
  </datafield>
  <datafield tag="260" ind1=" " ind2=" ">
    <subfield code="a">Madrid : </subfield>
    <subfield code="b">[Ediciones Castilla], </subfield>
    <subfield code="c">1972.</subfield>
  </datafield>
  <datafield tag="300" ind1=" " ind2=" ">
    <subfield code="a">133 p. ; </subfield>
    <subfield code="c">24 cm.</subfield>
  </datafield>
  <datafield tag="500" ind1=" " ind2=" ">
    <subfield code="a">Precede al t&#xED;t.: Real Academia Espa&#xF1;ola.</subfield>
  </datafield>
  <datafield tag="650" ind1="0" ind2="7">
    <subfield code="a">Literatura espa&#xF1;ola</subfield>
    <subfield code="2">embne</subfield>
    <subfield code="9">14539</subfield>
  </datafield>
  <datafield tag="700" ind1="1" ind2=" ">
    <subfield code="a">Garc&#xED;a G&#xF3;mez, Emilio, </subfield>
    <subfield code="d">1905-1995</subfield>
    <subfield code="9">54690</subfield>
  </datafield>
  <datafield tag="710" ind1="2" ind2=" ">
    <subfield code="a">Real Academia Espa&#xF1;ola</subfield>
    <subfield code="9">6336</subfield>
  </datafield>
  <datafield tag="852" ind1=" " ind2=" ">
    <subfield code="a">ES-MaACL</subfield>
    <subfield code="j">C-40971 </subfield>
    <subfield code="b">R.80611</subfield>
  </datafield>
  <datafield tag="999" ind1=" " ind2=" ">
    <subfield code="c">45086</subfield>
    <subfield code="d">45086</subfield>
  </datafield>
  <datafield tag="952" ind1=" " ind2=" ">
    <subfield code="0">0</subfield>
    <subfield code="1">0</subfield>
    <subfield code="4">0</subfield>
    <subfield code="7">0</subfield>
    <subfield code="a">ATENEOM</subfield>
    <subfield code="b">ATENEOM</subfield>
    <subfield code="c">DEPO2</subfield>
    <subfield code="d">2008-01-17</subfield>
    <subfield code="e">SC</subfield>
    <subfield code="l">0</subfield>
    <subfield code="o">C-40971</subfield>
    <subfield code="p">1047448</subfield>
    <subfield code="r">2023-02-23 00:00:00</subfield>
    <subfield code="w">2023-02-23</subfield>
    <subfield code="y">MONOGRAFIA</subfield>
  </datafield>
</record>
